Decision making and quality of life

Komplexný index merania ekonomického rozvoja - Better Life Index - alternatíva k ukazovateľu HDP. Konštrukcia na základe indexov ľudského rozvoja, kvality života, blahobytu, environmentálnej udržateľnosti a iných kvalitatívnych ukazovateľov.

Uložené v:
Podrobná bibliografia
Hlavný autor: Vondrová, Andrea, 1987-
Ďalší autori: Valach, Matej
Médium: Kapitola
Jazyk:English
Predmet:
Tagy: Pridať tag
Žiadne tagy, Buďte prvý, kto otaguje tento záznam!

MARC

LEADER 00000nla a2200000 4500
001 0192059
005 20240502083444.4
041 0 |a eng 
044 |a SI 
245 1 0 |a Decision making and quality of life  |c Andrea Vondrová, Matej Valach 
520 |a Komplexný index merania ekonomického rozvoja - Better Life Index - alternatíva k ukazovateľu HDP. Konštrukcia na základe indexov ľudského rozvoja, kvality života, blahobytu, environmentálnej udržateľnosti a iných kvalitatívnych ukazovateľov. 
610 2 0 |a rozhodovanie 
610 2 0 |a rast hospodársky 
610 2 0 |a kvalita života 
610 2 0 |a indexy súhrnné 
610 2 0 |a rozvoj trvalo udržateľný 
610 2 0 |a OECD 
100 1 |a Vondrová, Andrea, 1987- 
700 1 |a Valach, Matej